Mecánica para ingenieros

Sábháilte in:
Sonraí bibleagrafaíochta
Príomhchruthaitheoir: Hibbeler, Russell Charles
Rannpháirtithe: Ordoñez Reyna, Luis Traductor
Formáid: LEABHAR
Teanga:Spanish
Foilsithe / Cruthaithe: México : Continental, 1983
Eagrán:2
Ábhair:
Clibeanna: Cuir clib leis
Níl clibeanna ann, Bí ar an gcéad duine le clib a chur leis an taifead seo!

MARC

LEADER 00000nam a2200000Ia 4500
003 000232
005 20221231144011.0
008 140114s1983 mx a 000 ||spa d
040 |c cru CEDI 
082 |a 621 H624m 
100 |a Hibbeler, Russell Charles  |9 19449 
245 |a Mecánica para ingenieros 
250 |a 2 
260 |a México : Continental,  |c  1983 
300 |a volúmenes : ilustraciones (algunas a color) ; 25 cm 
500 |a Titulo original: Engineering mechanics statics 
505 |a V. 2. Estática. 
650 |x DINAMICA   |x INGENIERÍA MECÁNICA   |x ESTATICA  |9 19451 
700 |9 19450  |a Ordoñez Reyna, Luis  |d Traductor 
942 |2 ddc  |c BK 
999 |c 15436  |d 15436